书目信息 |
| 题名: |
学生最常问的60个英语学习问题
|
|
| 作者: | 李莉 主编 | |
| 分册: | ||
| 出版信息: | 成都 西南交通大学出版社 2010.08 |
|
| 页数: | 250页 | |
| 开本: | 24cm | |
| 丛书名: | 实用英语教师发展丛书 | |
| 单 册: | ||
| 中图分类: | H319.3 | |
| 科图分类: | ||
| 主题词: | 英语--ying yu--学习方法 | |
| 电子资源: | ||
| ISBN: | 978-7-5643-0650-2 | |
| 000 | 01081nam 2200265 450 | |
| 001 | 012010848234 | |
| 005 | 20101220155634.14 | |
| 010 | @a978-7-5643-0650-2@dCNY28.00 | |
| 100 | @a20101220d2010 em y0chiy0120 ea | |
| 101 | 0 | @achi |
| 102 | @aCN@b510000 | |
| 105 | @aak a 000yy | |
| 106 | @ar | |
| 200 | 1 | @a学生最常问的60个英语学习问题@Axue sheng zui chang wen de 60 ge ying yu xue xi wen ti@f李莉主编@Fli li zhu bian |
| 210 | @a成都@c西南交通大学出版社@d2010.08 | |
| 215 | @a250页@c图@d24cm | |
| 225 | 2 | @a实用英语教师发展丛书@Ashi yong ying yu jiao shi fa zhan cong shu |
| 320 | @a有书目 | |
| 330 | @a本书在通过对近千名英语学习者和英语教师的问卷调查,得出初中、高中和大学生最常问的60个英语学习问题。在充分参考各种相关资料的基础上,对每个问题给予解答。解答包含具体的操作方法和简要的理论阐述两方面,即说明为什么需要采用这样的方法以及那些理论可以支撑这些方法。 | |
| 410 | 0 | @12001 @a实用英语教师发展丛书 |
| 606 | 0 | @a英语@Aying yu@x学习方法 |
| 690 | @aH319.3@v4 | |
| 701 | 0 | @a李莉@Ali li@4主编 |
| 801 | 0 | @aCN@bQSSK@c20101220 |
| 905 | @b789271-73@dH319.3@eL203@f3 | |
| 学生最常问的60个英语学习问题/李莉主编.-成都:西南交通大学出版社,2010.08 |
| 250页:图;24cm.-(实用英语教师发展丛书) |
| ISBN 978-7-5643-0650-2:CNY28.00 |
| 本书在通过对近千名英语学习者和英语教师的问卷调查,得出初中、高中和大学生最常问的60个英语学习问题。在充分参考各种相关资料的基础上,对每个问题给予解答。解答包含具体的操作方法和简要的理论阐述两方面,即说明为什么需要采用这样的方法以及那些理论可以支撑这些方法。 |
| ● |
| 相关链接 |
|
|
|
正题名:学生最常问的60个英语学习问题
索取号:H319.3/L203
 
预约/预借
| 序号 | 登录号 | 条形码 | 馆藏地/架位号 | 状态 | 备注 |
| 1 | 789271 | 207892716 | 语言库209/209语言库 42排4列3层/ [索取号:H319.3/L203] | 在馆 | |
| 2 | 789272 | 207892725 | 语言库209/209语言库 37排5列4层/ [索取号:H319.3/L203] | 在馆 | |
| 3 | 789273 | 207892734 | 语言库209/209语言库 42排4列3层/ [索取号:H319.3/L203] | 在馆 |